zpět

Detail výsledku týmu

Suzie's, Brno

Datum a čas kvízu

16.5 Celkem bodů Celkový počet nahraných bodů na tomto kvízu bez doplňovacích otázek.
5. Pořadí na kvízu Konečné umístění týmu na tomto kvízu.

Zaznamenané odpovědi

# Otázka Odpověď Body Výsledky
1. Pražská zoo učinila další krok... sysel 0
2. Ambiciózní projekt v podobě bu... Indonésie 0
3. Která kapela musela odvolat ně... Mirai 1
4. Ve středu byl otevřen poslední... A) Škoda 100 0
5. Nejnovějšímu žebříčku magazínu... Markéta Vondroušová 0
6. Tato plodina je známá též jako... maniok 0
7. Mezi jihoamerické speciality,... kapybara 0
8. Payara, Tucunare nebo Arapaima... C 1
9. Chicha je (obvykle) alkoholick... fialová 0
10. San Juan, La Rioja, Catamarca... Argentina 1